| 000 | 00717nam a2200241Ia 4500 | ||
|---|---|---|---|
| 003 | OSt | ||
| 005 | 20220918173246.0 | ||
| 006 | a|||||r|||| 00| 0 | ||
| 007 | ta | ||
| 008 | 220917b |||||||| |||| 00| 0 eng d | ||
| 024 | _a5,877 | ||
| 037 | _cTextual | ||
| 040 |
_aARTS _cARTS _beng |
||
| 041 |
_2eng _aeng |
||
| 082 | _a220aY135, K5 (2D) | ||
| 100 |
_aConant Ralph W. ed _945558 |
||
| 245 | 0 | _aPublic library and the city | |
| 260 | _c1965 | ||
| 490 | _aMassachusetts insititute of technelogy and harvard University Urban studies (Joint center for ) Publication | ||
| 650 | _aLIBRARY SCIENCE | ||
| 942 |
_h220aY135, K5 (2D) _cTEXL _2CC |
||
| 999 |
_c147886 _d147886 |
||